000 00437 a2200121 4500
000 nam a22 7a 4500
005 20260512145451.0
020 _a9788195300013
100 _aडा अस्मि पाण्डेय
_91239146
245 _aआचार्य हजारी प्रसाद द्धिवेदी और भक्तिकालीन महाकवि
260 _bVikalp prakashan
_c2023
942 _cTEXL
999 _c1851259
_d1851259